Welcome to CU Library Online Public Access Catalogue (OPAC)

Pathology/ (Record no. 3204)

MARC details
000 -LEADER
fixed length control field 00496nam a22001577a 4500
005 - DATE AND TIME OF LATEST TRANSACTION
control field 20250129112914.0
008 - FIXED-LENGTH DATA ELEMENTS--GENERAL INFORMATION
fixed length control field 250129b |||||||| |||| 00| 0 eng d
020 ## - INTERNATIONAL STANDARD BOOK NUMBER
International Standard Book Number 9780801654985
050 ## - LIBRARY OF CONGRESS CALL NUMBER
Classification number RB111
Item number .P3
245 ## - TITLE STATEMENT
Title Pathology/
Remainder of title Anderson's Volume 1& 2
Statement of responsibility, etc. edited by John M. Kissane
250 ## - EDITION STATEMENT
Edition statement 9th ed.
Remainder of edition statement international edition
260 ## - PUBLICATION, DISTRIBUTION, ETC.
Place of publication, distribution, etc. St. Louis
Name of publisher, distributor, etc. The C. V. Mosby Company
Date of publication, distribution, etc. 1990
300 ## - PHYSICAL DESCRIPTION
Extent xv. 1076. 72.
Other physical details ill. some color
Dimensions 28cm
700 ## - ADDED ENTRY--PERSONAL NAME
Personal name Kissane, John M.
942 ## - ADDED ENTRY ELEMENTS (KOHA)
Source of classification or shelving scheme Library of Congress Classification
Koha item type Books
Edition 9th ed.
Suppress in OPAC No
999 ## -
-- 3204
-- 3204
Holdings
Withdrawn status Lost status Source of classification or shelving scheme Damaged status Not for loan Collection Home library Current library Shelving location Date acquired Total checkouts Full call number Barcode Date last seen Copy number Price effective from Koha item type
    Library of Congress Classification     Non-fiction Science Library (Miotso) Science Library (Miotso) General stacks 01/29/2025   RB111 .P3 PAT SLM00002510 01/29/2025 1 01/29/2025 Books
    Library of Congress Classification     Non-fiction Science Library (Miotso) Science Library (Miotso) General stacks 01/29/2025   RB111 .P3 PAT SLM00002511 01/29/2025 2 01/29/2025 Books
    Library of Congress Classification     Non-fiction Science Library (Miotso) Science Library (Miotso) General stacks 01/29/2025   RB111 .P3 PAT SLM00002512 01/29/2025 3 01/29/2025 Books
    Library of Congress Classification     Non-fiction Science Library (Miotso) Science Library (Miotso) General stacks 01/29/2025   RB111 .P3 PAT SLM00002513 01/29/2025 4 01/29/2025 Books
    Library of Congress Classification     Non-fiction Science Library (Miotso) Science Library (Miotso) General stacks 01/29/2025   RB111 .P3 PAT SLM00002514 01/29/2025 5 01/29/2025 Books
    Library of Congress Classification     Non-fiction Science Library (Miotso) Science Library (Miotso) General stacks 01/29/2025   RB111 .P3 PAT SLM00002515 01/29/2025 6 01/29/2025 Books
    Library of Congress Classification     Non-fiction Science Library (Miotso) Science Library (Miotso) General stacks 01/29/2025   RB111 .P3 PAT SLM00002516 01/29/2025 7 01/29/2025 Books
© 2023-2024 Copyright: Central University Libraries. All Rights Reserved | Created by: Mahone Tech Office